000 00639cam a22002172 4500
001 0000019591
005 20151217161148.0
008 110111s xx 000 0 eng d
020 _a0540083887 :
040 _aKABU
_cKABU
100 1 _aKovach, Robert.
_@0000179374
245 1 0 _aPhilip's guide to global hazards /
_cRobert Kovach and Bill McGuire.
250 _a1st ed.
260 _aLondon :
_bPhilip's,
_c2003.
300 _a256p.
650 0 _aNatural disasters.
_@0000149725
700 1 _aMcGuire, Bill.
_@0000179375
852 1 _9p990 KES
908 _a110111
950 _@1
999 _c15191
_d15191